Hans Wolf, der Freirichter von Oberlangenau

Titel: Hans Wolf, der Freirichter von Oberlangenau : der Kampf der Grafschafter Bauern um Recht und Freiheit zu Beginn des 30-jährigen Krieges / von Heinrich Bartsch
Verfasser:
Ausgabe: Kurzausg.
Veröffentlicht: Leimen/Heidelberg : Verl. für Heimatl. Schrifttum, [1956]
Umfang: 72 S. : Ill.
Format: Buch
Sprache: Deutsch
Schriftenreihe/
mehrbändiges Werk:
Grafschaft Glatzer Buchring ; 9
Kein Bild verfügbar
X
Lokale Klassifikation: 14 10 F ; 14 8 O 271 ; 14 8 G 35
alg: 9167170
001A    $03004:09-06-00 
001B    $01999:09-05-21 $t20:57:45.000 
001D    $03004:09-06-00 
001U    $0utf8 
001X    $00 
002@    $0Aau 
003@    $0091671701 
003O    $0174435487 $aOCoLC 
007A    $0091671701 $aHEB 
007T    $0Herdhh091671701 
010@    $ager 
011@    $a1956 $n[1956] 
013H    $0z 
021A    $aHans Wolf, der Freirichter von Oberlangenau $dder Kampf der Grafschafter Bauern um Recht und Freiheit zu Beginn des 30-jährigen Krieges $hvon Heinrich Bartsch 
028A    $#Bartsch, Henricus $7 $8Bartsch, Heinrich [Tnd] $913681543X 
032@    $aKurzausg. 
033A    $pLeimen/Heidelberg $nVerl. für Heimatl. Schrifttum 
034D    $a72 S. 
034M    $aIll. 
036E    $aGrafschaft Glatzer Buchring $l9 
036F    $x19 $8Grafschaft Glatzer Buchring $9049477749 $l9 
045F    $a800 $eDDC23BSB 
045F/01 $a800 
045F/03 $g4385 
046M    $aKurzausg. von Bartsch, Heinrich: Pflug und Schwert 

lok: 9167170 24
101B    $004-12-02 $t14:59:48.557 
101C    $009-06-00 
145Z/01 $a14 10 F 
145Z/02 $a14 8 O 271 
145Z/03 $a14 8 G 35 
101U    $0utf8 

exp: 9167170 24 1 #EPN
201B/01 $019-12-02 $t20:56:41.131 
201C/01 $009-06-00 
203@/01 $0143834614 
208@/01 $a09-06-00 $br 
209A/01 $a14 X F 39 $du $f050 $h14 10 F 39 $x00 
209C/01 $a396 K 56 $h56 0396 K 
209G/01 $a70230267 $x00 
247C/01 $8358050-7 Marburg, Bibliothek des Herder-Instituts Marburg $9102600961 
201U/01 $0utf8 

lok: 9167170 78

exp: 9167170 78 1 #EPN
201B/01 $019-04-17 $t18:43:29.000 
201U/01 $0utf8 
203@/01 $0793124247 
208@/01 $a12-11-16 $be 
209A/01 $a/ $f000 $x00 
237A/01 $aweiterführende Signatur(en): Herder-Institut: 14 X F 39 
244Z/01 $2Trx $#Silesia $#Śląsk $#Sliezsko $#Slezsko $8--Trx--Schlesien $x01 $9391173987 
244Z/01 $2Trx $8--Trx--Monographie $x02 $9391384546 
245Z/01 $a11.08 $x01 
247C/01 $82080>Marburg/Lahn, Herder-Institut, Forschungsbibliothek, Bibliographieportal $9336309341
LEADER 00000cam a2200000 c 4500
001 091671701
003 DE-603
005 20210509205745.0
007 tu
008 000609s1956 xx |||| | u00||u|ger c
035 |a (DE-599)HEB091671701 
035 |a (OCoLC)174435487 
040 |a DE-603  |b ger  |c DE-603  |d DE-603 
041 |a ger 
082 0 4 |8 1\u  |a 800  |q DE-101  |2 23/BSB 
085 |8 1\u  |b 800 
085 |8 1\u  |z 2  |s 4385 
100 1 |a Bartsch, Heinrich  |0 (DE-603)13681543X 
245 0 0 |a Hans Wolf, der Freirichter von Oberlangenau  |b der Kampf der Grafschafter Bauern um Recht und Freiheit zu Beginn des 30-jährigen Krieges  |c von Heinrich Bartsch 
250 |a Kurzausg. 
264 1 |a Leimen/Heidelberg  |b Verl. für Heimatl. Schrifttum  |c [1956] 
300 |a 72 S.  |b Ill. 
490 1 |a Grafschaft Glatzer Buchring  |v 9 
500 |a Kurzausg. von Bartsch, Heinrich: Pflug und Schwert 
810 2 2 |a Grafschaft Glatzer Buchring  |t Grafschaft Glatzer Buchring  |v 9  |w (DE-603)049477749  |w (DE-600)1336800-X  |9 19  |7 as 
924 0 |9 Mb 50  |a (DE-603)143834614  |b DE-Mb50  |c HES  |d c  |g 14 X F 39 
924 0 |9 2080  |a (DE-603)793124247  |b DE-2080  |c HES  |d d  |g /